La integración y el desarrollo social fronterizo 3
Gardado en:
| Main Authors: | , , |
|---|---|
| Outros autores: | |
| Formato: | Libro |
| Idioma: | Lingua castelá |
| Publicado: |
Bogotá
Convenio Andrés Bello
2007
|
| Edición: | 1a. ed |
| Series: | Integración Social y Fronteras
|
| Subjects: | |
| Tags: |
Engadir etiqueta
Sen Etiquetas, Sexa o primeiro en etiquetar este rexistro!
|
MARC
| LEADER | 00000nam a2200000 a 4500 | ||
|---|---|---|---|
| 001 | UCI2362 | ||
| 003 | CL-VaPUC | ||
| 008 | 070817e20070300CK |||||||||||||||||spa|d | ||
| 020 | |a 9789586982061 | ||
| 082 | 0 | 4 | |a 325.98 |b GON |2 21 |
| 100 | |a González Miranda, Sergio Alberto |e autor |9 538169 | ||
| 700 | |a Aranda Bustamante, Gilberto |e author |9 521052 | ||
| 700 | |a Morandé Lavín, José A. |e autor |9 866248 | ||
| 700 | 0 | |a Stahringer, Ofelia Irene |e author |9 523376 | |
| 245 | 1 | 3 | |a La integración y el desarrollo social fronterizo 3 |
| 250 | |a 1a. ed | ||
| 300 | |a 159 p | ||
| 942 | |c BK | ||
| 945 | |d 20070817 00:00:00 |a jtorresc | ||
| 260 | |a Bogotá |b Convenio Andrés Bello |c 2007 | ||
| 650 | 0 | |a Emigración e inmigrantes |9 315810 | |
| 650 | 0 | |a Política económica |9 255029 | |
| 650 | 7 | |a INTEGRACION FRONTERIZA |2 CL-VaPUC |9 523377 | |
| 651 | 0 | |a América Latina |9 255027 | |
| 583 | |a last modification |c 20070817 00:00:00 |k Rodrigo Vera | ||
| 490 | 0 | |a Integración Social y Fronteras | |
| 999 | |c 326965 |d 326963 | ||
| 952 | |0 0 |1 0 |4 0 |6 325_980000000000000_GON_2007 |7 0 |8 A |9 409293 |a BIBHIS |b BIBHIS |d 2019-11-22 |i 4364279 |o 325.98 GON 2007 |p 4364279 |r 2025-01-20 |w 2019-11-22 |y BK |k HIS | ||
| 952 | |0 0 |1 0 |4 0 |6 325_980000000000000_GON_2007 |7 0 |8 A |9 409294 |a BIBHIS |b BIBHIS |d 2019-11-22 |i 4364287 |o 325.98 GON 2007 |p 4364287 |r 2025-01-20 |w 2019-11-22 |y BK |k HIS | ||
| 952 | |0 0 |1 0 |4 0 |6 325_980000000000000_GON_2007 |7 0 |8 A |9 409295 |a BIBHIS |b BIBHIS |d 2019-11-22 |i 4560914 |o 325.98 GON 2007 |p 4560914 |r 2025-01-20 |w 2019-11-22 |y BK |k HIS | ||